OXFORD TEXT BOOK OF MEDICINE VOL 3 SECTION 18- 33 / (Record no. 795247)

MARC details
000 -LEADER
fixed length control field 00571pam a2200205 a 4500
020 ## - INTERNATIONAL STANDARD BOOK NUMBER
International Standard Book Number 019852789
Terms of availability 2166.66
041 ## - LANGUAGE CODE
Language code of text/sound track or separate title eng
Language code of original NULL
082 ## - DEWEY DECIMAL CLASSIFICATION NUMBER
Classification number 616
Item number WAR/COX/FI
100 ## - MAIN ENTRY--PERSONAL NAME
Personal name WARRELL, P .
245 ## - TITLE STATEMENT
Title OXFORD TEXT BOOK OF MEDICINE VOL 3 SECTION 18- 33 /
Statement of responsibility, etc. NULL.
Medium Textual Documents
250 ## - EDITION STATEMENT
Edition statement 4 /
Remainder of edition statement .
260 ## - PUBLICATION, DISTRIBUTION, ETC.
Place of publication, distribution, etc. NULL :
Name of publisher, distributor, etc. OXFORD UNIVERSITY PRESS ,
Date of publication, distribution, etc. 2003.
300 ## - PHYSICAL DESCRIPTION
Extent 1504 :
Other physical details xliv ;
Dimensions NULL .
365 ## - TRADE PRICE
Price type code 2166.66
650 ## - SUBJECT ADDED ENTRY--TOPICAL TERM
Topical term or geographic name entry element GEN.MEDICINE
700 ## - ADDED ENTRY--PERSONAL NAME
Personal name COX , T .
-- FIRTH, J .
907 ## - LOCAL DATA ELEMENT G, LDG (RLIN)
a 3120
-- 3123
930 ## - EQUIVALENCE OR CROSS-REFERENCE-UNIFORM TITLE HEADING [LOCAL, CANADA]
Uniform title 711
Holdings
Withdrawn status Lost status Damaged status Not for loan Home library Current library Date acquired Source of acquisition Cost, normal purchase price Total Checkouts Full call number Barcode Date due Date last seen Date last checked out Copy number Price effective from Koha item type Collection
        Medical College & Hospital, Sangli Medical College & Hospital, Sangli 28/11/2011 2166.66 1 616 WAR/COX/FI MCS-3123 01/10/2043 06/10/2023 06/10/2023 3 26/07/2023 Book  
        Medical College & Hospital, Sangli Medical College & Hospital, Sangli 28/11/2011 2166.66 1 616 WAR/COX/FI MCS-3120 30/09/2043 05/10/2023 05/10/2023 2 26/07/2023 Book  
        Medical College & Hospital, Sangli Medical College & Hospital, Sangli 28/11/2011 2166.66   616 WAR/COX/FI MCS-2489   26/07/2023   1 26/07/2023 Book